000 00518nam a2200181Ia 4500
005 20250326123912.0
008 250326s9999 xx 000 0 und d
037 _aTextbook
040 _aFMSL
_beng
_cFMSL
041 _aeng
_2eng
084 _aSM K5
_qFMSL
100 _aLane H
_9736343
245 0 _aLaboratory manual for the control and analysis of behavior
_cLane H; Bem D
260 _aCalifornia
_bCalifornia, Wadsworth
_c1965
300 _a285p
942 _cTB
_hSM K5
999 _c1271400
_d1271400